000
00243nam a2200097Ia 4500
008
231207s9999 xx 000 0 und d
082
_a
800
_b
LIT
100
_a
Waite, Harlow O.
245
0
_a
Literature for our time
260
_b
Henry Holt and Company
999
_c
5885
_d
5885